000 00355 a2200157 4500
001 193018
020 _a978-85-8415-080-9
040 _cMagnum
100 _aBorges, Bill
240 1 0 _aAs girafas metidas da montanha
_lpor
245 1 0 _aAs girafas metidas da montanha
300 _a31
362 0 _a2015
697 _aLITERATURA INFANTO
942 _cBK
999 _c193018
_d193018